000 00735nam a2200229 a 4500
001 12459
003 CO-ViMGA
008 141112s2004 ck r 000 u spa d
020 _a8480130539
040 _aCO-ViMGA
_bspa
_cCO-ViMGA
082 0 4 _a796.077 G17b
100 1 _aGarcia, Manso Juan
_917915
245 1 0 _aBases teóricas del entrenamiento deportivo
260 _aMadrid :
_bGymnos,
_c1996
300 _a518p.
590 _aForma de adquisición : COMPRA - - Precio : 49.500 - - Proveedor : TUCIDIDES PEREA - - Fecha de adquisición : 09 - 06 - 2000
650 1 4 _aDEPORTES
_948158
650 1 4 _aeducación FISICA
650 1 4 _aENTRENAMIENTO ATLETICO
_917916
650 1 4 _aENTRENAMIENTO DEPORTIVOS
_917917
942 _2ddc
_cBK
999 _c23456
_d23456